Stolice europy na pamięć(Geomex) - Statystyki

Ogólne statystyki
  • Ten quiz został rozwiązany 163 razy
  • Średni wynik to 32 z 46
Statystyki odpowiedzi
:D Stolica % Poprawnych
s s Warszawa
96%
s s Kijów
89%
s s Moskwa
87%
s s Paryż
87%
s s Berlin
86%
s s Madryt
84%
s s Praga
83%
s s Lizbona
82%
s s Londyn
82%
s s Osło
79%
s s Rzym
78%
s s Wilno
76%
s s Amsterdam
75%
s s Ateny
75%
s s Helsinki
74%
s s Bukareszt
73%
s s Dublin
73%
s s Mińsk
73%
s s Sztokholm
73%
s s Watykan
73%
s s Ryga
72%
s s Bratysława
71%
s s Kopenhaga
71%
s s San Marino
71%
s s Sofia
71%
s s Budapeszt
70%
s s Wiedeń
70%
s s Bruksela
68%
s s Andora
67%
s s Tallinn
67%
s s Tirana
67%
s s Reykjavik
66%
s s Monako
65%
s s Luksemburg
64%
s s Zagrzeb
61%
s s Vaduz
60%
s s Lublana
58%
s s Berno
57%
s s Sarajewo
55%
s s Valletta
54%
s s Belgrad
53%
s s Podgorica
48%
s s Prisztina
46%
s s Skopje
46%
s s Kiszyniów
45%
s s Nikozja
37%
Nie znaleziono quizów pasujących do podanych kryteriów
Rozkład punktacji
Procent ludzi z każdym wynikiem
Percentyl według liczby udzielonych odpowiedzi
Twoja historia wyników
Nie rozwiązałeś tego quizu